Statistics for Dreamworks Animation Movies

Click here to take the quiz!

General Stats

  • This quiz has been taken 622 times
    (481 since last reset)
  • The average score is 16 of 32

Answer Stats

YearMovie% Correct
2001Shrek
93%
2004Shrek 2
88%
2007Shrek the Third
87%
2010Shrek Forever After
80%
2008Kung Fu Panda
68%
1998Antz
67%
2011Kung Fu Panda 2
64%
2005Madagascar
64%
2010How to Train Your Dragon
63%
2008Madagascar: Escape 2 Africa
60%
2016Kung Fu Panda 3
58%
2014How to Train Your Dragon 2
57%
2012Madagascar 3: Europe's Most Wanted
57%
1998The Prince of Egypt
53%
2004Shark Tale
49%
2011Puss in Boots
46%
2007Bee Movie
44%
2000Chicken Run
44%
2010Megamind
44%
2006Over the Hedge
43%
2000The Road to El Dorado
41%
2006Flushed Away
40%
2002Spirit: Stallion of the Cimarron
39%
2013The Croods
37%
2009Monsters vs. Aliens
36%
2003Sinbad: Legend of the Seven Seas
33%
2013Turbo
33%
2015Home
32%
2005Wallace & Gromit: The Curse of the Were-Rabbit
31%
2014Penguins of Madagascar
29%
2012Rise of the Guardians
26%
2014Mr. Peabody & Sherman
24%

Score Distribution

Percentile by Number Answered

Percent of People with Each Score

Your Score History

You have not taken this quiz since the last reset